| 000 | 00761nam a2200229Ia 4500 | ||
|---|---|---|---|
| 003 | IN-BaIIA | ||
| 008 | 211028s9999 xx 000 0 eng d | ||
| 020 | _a1-58053-832-0 | ||
| 040 | _cIIA Library | ||
| 080 |
_a537.8 _bTAF |
||
| 100 |
_aTaflove, Allen _929828 |
||
| 245 | 0 |
_aComputational electrodynamics _bthe finite-difference time-domain method _cAllen Taflove and Susan C. Hagness |
|
| 250 | _a3rd ed. | ||
| 260 |
_aBoston _bArtech House _c2005 |
||
| 300 | _axxii, 1006p. | ||
| 490 | _aArtech house antennas and propagation library | ||
| 650 |
_aElectromagnetism _9540 |
||
| 650 |
_aMaxwell equations _929829 |
||
| 650 |
_aNumerical solutions _910928 |
||
| 700 |
_aHagness, Susan C. _929830 |
||
| 942 | _cBK | ||
| 999 |
_c16119 _d16119 |
||